| 000 | 00889nam a22002297a 4500 | ||
|---|---|---|---|
| 005 | 20180616152500.0 | ||
| 010 | _a1718EN-30ENG-122035 B-689148-50 | ||
| 020 |
_a9788126900183 _c795.00 |
||
| 035 | _aEN-105567 | ||
| 035 | _aB-689148-50 | ||
| 037 |
_bAtlantic Pub. _adpl |
||
| 037 | _bDBAD/PUB | ||
| 082 | _a883.092 | ||
| 245 |
_aThe fiction of Raja Rao: _cedited by Rajeshwar Mittapalli [and] P.Paolo Piciucco _bcritical studies / |
||
| 260 |
_aNew Delhi _bAtlantic Pub. _c2016 |
||
| 270 |
_a7/22, Ansari Road, Darya Ganj, _bNew Delhi _e110002 |
||
| 300 | v |
_aviii,230p. _c21cm(Hb) |
|
| 700 | _aMittapalli, Rajeshwar | ||
| 700 | _aPiciucco, P. Paolo | ||
| 942 |
_2ddc _cEN _mFIC _h883.092 |
||
| 999 |
_c144709 _d144709 |
||